Primer y último país en orden alfabético por continente - Estadísticas

Estadísticas generales
  • Esta prueba ha sido intentada 51 veces
    48 desde el último reinicio
  • La puntuación promedio es 11 de 12
Estadísticas de respuestas
Primer aletra País % Correcto
América del Sur U Uruguay
100%
Asia Y Yemen
100%
América del Sur A Argentina
98%
Oceanía A Australia
98%
Oceanía V Vanuatu
98%
Europa U Ucrania
95%
África Z Zimbabue
95%
América del Norte A Antigua y Barbuda
93%
América del Norte T Trinidad y Tobago
93%
Asia A Afganistán
88%
Europa A Albania
88%
África A Angola
88%
No se encontraron pruebas coincidentes
Distribución de puntuación
Porcentaje de gente con cada puntuación
Porcentaje por número respondido
Historial de tus puntuaciones
No has intentado esta prueba desde el último reinicio